<?xml version="1.0" encoding="UTF-8"?>
<record
    xmlns:xsi="http://www.w3.org/2001/XMLSchema-instance"
    xsi:schemaLocation="http://www.loc.gov/MARC21/slim http://www.loc.gov/standards/marcxml/schema/MARC21slim.xsd"
    xmlns="http://www.loc.gov/MARC21/slim">

  <leader>00272nam a22000857a 4500</leader>
  <datafield tag="040" ind1=" " ind2=" ">
    <subfield code="c">DLC</subfield>
  </datafield>
  <datafield tag="082" ind1=" " ind2=" ">
    <subfield code="a">111 CAM 2009 C289 Or.1</subfield>
  </datafield>
  <datafield tag="245" ind1=" " ind2=" ">
    <subfield code="a">Insights for Action Initiaive Fuelling Poverty Reduction Selected papers from the International Oil and Gas Conference </subfield>
  </datafield>
  <datafield tag="942" ind1=" " ind2=" ">
    <subfield code="c">AEDBB</subfield>
  </datafield>
  <datafield tag="999" ind1=" " ind2=" ">
    <subfield code="c">22419</subfield>
    <subfield code="d">22419</subfield>
  </datafield>
  <datafield tag="952" ind1=" " ind2=" ">
    <subfield code="0">0</subfield>
    <subfield code="1">0</subfield>
    <subfield code="4">0</subfield>
    <subfield code="6">111_000000000000000_CAM_2009_C289_OR_1</subfield>
    <subfield code="7">0</subfield>
    <subfield code="9">96778</subfield>
    <subfield code="a">LBC</subfield>
    <subfield code="b">LBC</subfield>
    <subfield code="c">C289</subfield>
    <subfield code="d">2023-12-25</subfield>
    <subfield code="o">111 CAM 2009 C289 Or.1</subfield>
    <subfield code="p">A24661</subfield>
    <subfield code="r">2023-12-25</subfield>
    <subfield code="w">2023-12-25</subfield>
    <subfield code="y">AEDBB</subfield>
  </datafield>
</record>
